Cultivos ornamentales para complementos del ramo de flor
Gardado en:
| Main Authors: | , , |
|---|---|
| Formato: | Libro |
| Idioma: | Lingua castelá |
| Publicado: |
Madrid
Mundi-Prensa
1998
|
| Subjects: | |
| Tags: |
Engadir etiqueta
Sen Etiquetas, Sexa o primeiro en etiquetar este rexistro!
|
MARC
| LEADER | 00000nam a2200000 a 4500 | ||
|---|---|---|---|
| 001 | UCI5380 | ||
| 003 | CL-VaPUC | ||
| 008 | 080328e19980000SP |||||||||||||||||spa|d | ||
| 020 | |a 8471147157 | ||
| 082 | 0 | 4 | |a 635.9 |b GON |2 21 |
| 100 | |a González Benavente-García, Alberto |e author |9 527709 | ||
| 700 | 0 | |a Bañon Arías, Sebastián |e author |9 527710 | |
| 700 | 0 | |a Fernández Hernández, Juan Antonio |e author |9 527711 | |
| 245 | 1 | 0 | |a Cultivos ornamentales para complementos del ramo de flor |
| 300 | |a 228 p | ||
| 942 | |c BK | ||
| 945 | |d 20080328 00:00:00 |a rbrito | ||
| 260 | |a Madrid |b Mundi-Prensa |c 1998 | ||
| 650 | 0 | |a Floricultura |9 264401 | |
| 650 | 0 | |a Plantas ornamentales |9 345450 | |
| 650 | 0 | |a Cultivo |9 264268 | |
| 650 | 0 | |a Flores |9 310803 | |
| 650 | 7 | |a USO DECORATIVO |2 CL-VaPUC |9 527712 | |
| 650 | 0 | |a Jardinería |9 310804 | |
| 583 | |a last modification |c 20080328 00:00:00 |k Rodrigo Vera | ||
| 999 | |c 329131 |d 329129 | ||
| 952 | |0 0 |1 0 |4 0 |6 635_900000000000000_GON_1998 |7 0 |8 A |9 413467 |a BIBAGR |b BIBAGR |d 2019-11-22 |i 4414799 |l 1 |o 635.9 GON 1998 |p 4414799 |r 2025-01-20 |s 2024-08-09 |w 2019-11-22 |y BK |k AGR | ||